BIOCHEMISTRY AND CLINICAL PATHOLOGY (Record no. 27098)

MARC details
000 -LEADER
fixed length control field 00387nam a22001577a 4500
003 - CONTROL NUMBER IDENTIFIER
control field SGT
020 ## - INTERNATIONAL STANDARD BOOK NUMBER
International Standard Book Number 9788174734457
082 ## - DEWEY DECIMAL CLASSIFICATION NUMBER
Classification number 612.015
Item number B24K
100 ## - MAIN ENTRY--PERSONAL NAME
Personal name KUMAR, N.
245 ## - TITLE STATEMENT
Title BIOCHEMISTRY AND CLINICAL PATHOLOGY
260 ## - PUBLICATION, DISTRIBUTION, ETC. (IMPRINT)
Place of publication, distribution, etc DELHI
Name of publisher, distributor, etc AITBS PUB.
Year of Publication 2024
300 ## - PAGE DESCRIPTION
No. of Pages 241
650 ## - SUBJECT ADDED ENTRY--TOPICAL TERM
Topical term or geographic name as entry element BIOCHEMISTRY AND PATHOLOGY
653 ## - KEYWORDS--INDEX TERM
Keyword term BIOCHEMISTRY , CLINICAL ,PATHOLOGY
942 ## - ADDED ENTRY ELEMENTS (KOHA)
Source of classification or shelving scheme Dewey Decimal Classification
Koha item type Books
Holdings
Withdrawn status Lost status Source of classification or shelving scheme Damaged status Not for loan Collection code Home library Current library Shelving location Date acquired Vendor Name Cost, normal purchase price SGTU Bill Number Total Checkouts Full call number Accession No. (Barcode) Date last seen Date last borrowed Bill Date Koha item type Use restrictions
    Dewey Decimal Classification     PHARMACY SGT FA-FP Library SGT FA-FP Library Text Book 03/10/2024 AHUJA PUB. 695.00 SGTU 19431 1 612.015 B24K FP5236 25/09/2025 29/07/2025 24/08/2024 Books  
    Dewey Decimal Classification     PHARMACY SGT FA-FP Library SGT FA-FP Library Text Book 03/10/2024 AHUJA PUB. 695.00 SGTU 19431   612.015 B24K FP5237 03/10/2024   24/08/2024 Books  
    Dewey Decimal Classification     PHARMACY SGT FA-FP Library SGT FA-FP Library Reference Book 03/10/2024 AHUJA PUB. 695.00 SGTU 19431   612.015 B24K FP5238 03/10/2024   24/08/2024 Books Restricted Access
    Dewey Decimal Classification     PHARMACY SGT FA-FP Library SGT FA-FP Library Text Book 03/10/2024 AHUJA PUB. 695.00 SGTU 19431   612.015 B24K FP5239 03/10/2024   24/08/2024 Books  
    Dewey Decimal Classification     PHARMACY SGT FA-FP Library SGT FA-FP Library Text Book 03/10/2024 AHUJA PUB. 695.00 SGTU 19431 1 612.015 B24K FP5240 01/08/2025 29/07/2025 24/08/2024 Books